00322nam a2200109Ia 4500008004100000020001800041082001400059100003000073245008500103260001300188500001100201260604s9999 xx 000 0 und d a9783031652684 a174.4 ROV aMIJNTJE LUCKERATH-ROVERS] 0aMORAL DILEMMAS IN THE BOARDROOM: STRIKING THE BALANCE IN ETHICAL DECISION MAKING bSPRINGER aEthics